[Event "CZE-chT2E 2223"]
[Site "Czech Republic"]
[Date "2023.01.22"]
[Round "7.2"]
[White "Novy, Martin"]
[Black "Molik, Zdenek"]
[Result "1/2-1/2"]
[WhiteElo "2064"]
[BlackElo "2142"]
[PlyCount "46"]
[EventDate "2022.10.16"]
[EventType "team-tourn"]
[EventRounds "11"]
[EventCountry "CZE"]
[SourceTitle "EXT 2024"]
[Source "ChessBase"]
[SourceDate "2023.10.10"]
[SourceVersion "1"]
[SourceVersionDate "2023.10.10"]
[SourceQuality "1"]
[WhiteTeam "Orechov Orel"]
[BlackTeam "Znojmo"]
[WhiteTeamCountry "CZE"]
[BlackTeamCountry "CZE"]

1. d4 Nf6 2. Nf3 c5 3. c3 e6 4. e3 Be7 5. dxc5 Bxc5 6. b4 Be7 7. Bb2 0-0 8. a3 b6 9. Nbd2 Bb7 10. Be2 Nc6 11. 0-0 d5 12. c4 Qd6 13. Qb3 Ng4 14. cxd5 exd5 15. Rfd1 Rfd8 16. Nf1 Nge5 17. Rac1 Nxf3+ 18. Bxf3 Ne5 19. Be2 Nc4 20. Ng3 Qe6 21. Bf3 b5 22. Ne2 a6 23. Nf4 Qf5 1/2-1/2

[Event "CZE-chT2E 2223"]
[Site "Czech Republic"]
[Date "2022.11.06"]
[Round "2.2"]
[White "Molik, Zdenek"]
[Black "Mudrak, Josef"]
[Result "1/2-1/2"]
[WhiteElo "2142"]
[BlackElo "2239"]
[PlyCount "99"]
[EventDate "2022.10.16"]
[EventType "team-tourn"]
[EventRounds "11"]
[EventCountry "CZE"]
[SourceTitle "EXT 2024"]
[Source "ChessBase"]
[SourceDate "2023.10.10"]
[SourceVersion "1"]
[SourceVersionDate "2023.10.10"]
[SourceQuality "1"]
[WhiteTeam "Znojmo"]
[BlackTeam "Kromeriz Slavia II"]
[WhiteTeamCountry "CZE"]
[BlackTeamCountry "CZE"]

1. e4 c5 2. c4 Nc6 3. Nc3 g6 4. g3 Bg7 5. Bg2 d6 6. Nge2 e6 7. 0-0 Nge7 8. d3 0-0 9. Bg5 h6 10. Be3 Nd4 11. Qd2 Kh7 12. Rab1 Rb8 13. a3 b6 14. f4 Bb7 15. b4 Nxe2+ 16. Nxe2 cxb4 17. axb4 d5 18. cxd5 exd5 19. f5 gxf5 20. exf5 d4 21. Bf4 Bxg2 22. Bxb8 Bxf1 23. Rxf1 Nxf5 24. Rxf5 Qxb8 25. Qa2 Qe8 26. Kf1 Qd7 27. Qd5 Qa4 28. Qe4 Kg8 29. b5 a5 30. bxa6 Re8 31. Qf3 Qxa6 32. Rxf7 Qa1+ 33. Kf2 Rxe2+ 34. Qxe2 Kxf7 35. Qf3+ Bf6 36. Qd5+ Ke8 37. Qc6+ Ke7 38. Qc7+ Kf8 39. Qc8+ Kf7 40. Qd7+ Be7 41. Qf5+ Kg7 42. Qg4+ Bg5 43. Qd7+ Kf8 44. Qc8+ Ke7 45. Qc7+ Ke8 46. Qc8+ Bd8 47. Qe6+ Kf8 48. Qd6+ Ke8 49. Qe6+ Kf8 50. Qd6+ 1/2-1/2

[Event "CZE-chT2E 1011"]
[Site "Czech Republic"]
[Date "2011.04.10"]
[Round "11.6"]
[White "Brazdil, Roman"]
[Black "Molik, Zdenek"]
[Result "1-0"]
[WhiteElo "2145"]
[BlackElo "2160"]
[PlyCount "77"]
[EventDate "2010.10.17"]
[EventType "team-tourn"]
[EventRounds "11"]
[EventCountry "CZE"]
[SourceTitle "EXT 2012"]
[Source "ChessBase"]
[SourceDate "2011.11.24"]
[SourceVersion "1"]
[SourceVersionDate "2011.11.24"]
[SourceQuality "1"]
[WhiteTeam "Kromeriz"]
[BlackTeam "Znojmo"]
[WhiteTeamCountry "CZE"]
[BlackTeamCountry "CZE"]

1. e4 c5 2. Nf3 e6 3. d4 cxd4 4. Nxd4 Nf6 5. Nc3 d6 6. f3 Be7 7. Be3 a6 8. Qd2 Qc7 9. 0-0-0 Nc6 10. g4 b5 11. g5 Nd7 12. f4 Nc5 13. Bxb5 Bd7 14. Bxc6 Bxc6 15. Nxc6 Qxc6 16. Bxc5 dxc5 17. h4 Rb8 18. f5 0-0 19. fxe6 Qb7 20. b3 c4 21. exf7+ Rxf7 22. Qd5 Ba3+ 23. Kb1 Qb4 24. Rh3 cxb3 25. axb3 Kf8 26. e5 Qg4 27. Rhh1 Qf3 28. Qxf3 Rxf3 29. Nd5 Kg8 30. Rhf1 Rh3 31. e6 Rxh4 32. e7 Re4 33. Nf6+ gxf6 34. Rd8+ Kf7 35. Rxb8 Bxe7 36. gxf6 Bxf6 37. Rb6 Re6 38. Rxe6 Kxe6 39. Rh1 1-0

[Event "CZE-chT2d 0304"]
[Site "Czech Republic"]
[Date "2004.??.??"]
[Round "?"]
[White "Molik, Zdenek"]
[Black "Sekanina, Jiri"]
[Result "1-0"]
[WhiteElo "2190"]
[BlackElo "2165"]
[PlyCount "105"]
[EventDate "2003.??.??"]
[EventType "team"]
[EventRounds "11"]
[EventCountry "CZE"]
[SourceTitle "EXT 2007"]
[Source "ChessBase"]
[SourceDate "2006.11.23"]
[SourceVersion "1"]
[SourceVersionDate "2006.11.23"]
[SourceQuality "1"]

1. e4 c5 2. Nf3 Nc6 3. Bb5 g6 4. 0-0 Bg7 5. Re1 Nf6 6. c3 0-0 7. d4 d5 8. e5 Ne4 9. h3 Qb6 10. Bf1 cxd4 11. cxd4 Bf5 12. Nc3 Nxc3 13. bxc3 Rac8 14. Qb3 Qxb3 15. axb3 a6 16. Bb2 Rfd8 17. g4 Bd7 18. Nd2 Bh6 19. Nf3 Bf4 20. Nh4 Na7 21. c4 Be6 22. Ng2 Bh6 23. c5 Bd7 24. Ne3 Bb5 25. Bg2 e6 26. Nc2 Bf4 27. Na3 Kf8 28. Nxb5 Nxb5 29. Bf1 Na7 30. Bc3 Nc6 31. Kg2 g5 32. Bd3 h6 33. Kf3 Ke7 34. b4 Kd7 35. Reb1 Kc7 36. Ra2 Rh8 37. Rab2 h5 38. b5 hxg4+ 39. hxg4 axb5 40. Rxb5 Rb8 41. Rb6 Rh3+ 42. Ke2 Rhh8 43. Bc2 Rh3 44. Bd3 Rhh8 45. R1b2 Rhf8 46. Bb5 Rh8 47. Ba4 Rhf8 48. Rb1 Rh8 49. Bb5 Rhf8 50. Ba4 Rh8 51. R6b3 Rhf8 52. Bxc6 Kxc6 53. Ba5 1-0

[Event "MOR-chT 0203"]
[Site "Moravia"]
[Date "2003.03.23"]
[Round "10"]
[White "Molik, Zdenek"]
[Black "Vyskocil, Neklan"]
[Result "1/2-1/2"]
[WhiteElo "2176"]
[BlackElo "2354"]
[PlyCount "96"]
[EventDate "2002.10.??"]
[EventType "team"]
[EventRounds "11"]
[EventCountry "CZE"]
[SourceTitle "EXT 2006"]
[Source "ChessBase"]
[SourceDate "2005.11.24"]
[SourceVersion "1"]
[SourceVersionDate "2005.11.24"]
[SourceQuality "1"]

1. e4 c5 2. Nf3 e6 3. d4 cxd4 4. Nxd4 a6 5. Bd3 Nf6 6. 0-0 Qc7 7. c4 d6 8. Nc3 Be7 9. b3 b5 10. Bb2 b4 11. Nce2 Bb7 12. f3 0-0 13. Qe1 Qb6 14. Kh1 Nbd7 15. Rd1 Rfe8 16. Bb1 Bd8 17. Nc2 a5 18. Qd2 Be7 19. Nf4 Rad8 20. Nd3 Nc5 21. Qf2 Nfd7 22. Nxc5 dxc5 23. Qg3 Bf6 24. e5 Be7 25. Ne1 Nf8 26. Nd3 Ng6 27. Nf4 Rxd1 28. Rxd1 Rd8 29. Rd3 Rxd3 30. Nxd3 Nh4 31. Qf2 Nf5 32. Ne1 Qd8 33. Qe2 a4 34. bxa4 Bc6 35. Bc2 Nd4 36. Bxd4 Qxd4 37. Qd3 Qh4 38. g3 Qh6 39. Kg1 g6 40. f4 Qf8 41. Kf2 Qa8 42. Qd1 Qa6 43. Bb3 Qb7 44. Nf3 Kg7 45. Ke3 h6 46. Bc2 Qa6 47. Bb3 Qa8 48. h4 Qb7 1/2-1/2

[Event "MOR-chT 0203"]
[Site "Moravia"]
[Date "2003.02.09"]
[Round "7"]
[White "Ramik, Zdenek"]
[Black "Molik, Zdenek"]
[Result "0-1"]
[WhiteElo "2288"]
[BlackElo "2176"]
[PlyCount "80"]
[EventDate "2002.10.??"]
[EventType "team"]
[EventRounds "11"]
[EventCountry "CZE"]
[SourceTitle "EXT 2006"]
[Source "ChessBase"]
[SourceDate "2005.11.24"]
[SourceVersion "1"]
[SourceVersionDate "2005.11.24"]
[SourceQuality "1"]

1. e4 c5 2. Nc3 e6 3. Nf3 Nc6 4. Bb5 Nge7 5. 0-0 a6 6. Be2 Nd4 7. Nxd4 cxd4 8. Nb1 d5 9. d3 Nc6 10. Nd2 Be7 11. f4 0-0 12. Nf3 b5 13. Bd2 Bb7 14. e5 Qc7 15. Qe1 a5 16. Qg3 f5 17. Kh1 Kf7 18. Be1 h6 19. Bf2 Bc5 20. c3 Qb6 21. cxd4 Nxd4 22. Nxd4 Bxd4 23. Bh5+ Kg8 24. Bxd4 Qxd4 25. Qg6 Bc8 26. Rac1 Qb6 27. Rf3 Ra7 28. Rg3 Kh8 29. Rf1 Rc7 30. Be2 Qc6 31. d4 b4 32. Bd3 Ba6 33. Bxa6 Qxa6 34. Rg1 Qc8 35. Rh3 Qe8 36. Qg5 Qf7 37. g4 fxg4 38. Rxg4 Qf5 39. Rxh6+ gxh6 40. Qxh6+ Rh7 0-1

[Event "CZE-chT2d 0304"]
[Site "Czech Republic"]
[Date "2003.??.??"]
[Round "?"]
[White "Veselsky, Jozef"]
[Black "Molik, Zdenek"]
[Result "1/2-1/2"]
[WhiteElo "2205"]
[BlackElo "2190"]
[PlyCount "93"]
[EventDate "2003.??.??"]
[EventType "team"]
[EventRounds "11"]
[EventCountry "CZE"]
[SourceTitle "EXT 2007"]
[Source "ChessBase"]
[SourceDate "2006.11.23"]
[SourceVersion "1"]
[SourceVersionDate "2006.11.23"]
[SourceQuality "1"]

1. d4 Nf6 2. Nf3 c5 3. g3 e6 4. Bg2 Nc6 5. 0-0 d5 6. b3 cxd4 7. Nxd4 Bc5 8. Bb2 0-0 9. Nxc6 bxc6 10. c4 Qe7 11. Qc2 Ba6 12. Nd2 Rac8 13. e3 Rfd8 14. Rfe1 e5 15. Bf1 Bb7 16. Nf3 Bd6 17. Nh4 g6 18. Bc3 Ne4 19. Ba5 Re8 20. Bg2 f5 21. Nf3 Rb8 22. Nd2 Nf6 23. Rad1 Bc8 24. Bc3 Bb4 25. Nb1 Bxc3 26. Qxc3 Ne4 27. Qc2 Be6 28. Nd2 Red8 29. Nxe4 dxe4 30. Rxd8+ Rxd8 31. Rd1 c5 32. Rd2 Rd7 33. Qd1 Kf7 34. Rxd7 Qxd7 35. Qxd7+ Bxd7 36. Kf1 Ke7 37. Ke1 Kd6 38. Kd2 Kc6 39. Kc3 Kb6 40. a3 Bc6 41. Bf1 g5 42. h4 g4 43. Be2 a5 44. b4 axb4+ 45. axb4 Ba4 46. b5 Ka5 47. Kb2 1/2-1/2

[Event "MOR-chT 0203"]
[Site "Moravia"]
[Date "2002.12.08"]
[Round "4"]
[White "Molik, Zdenek"]
[Black "Markovic, Ivan1111"]
[Result "1-0"]
[WhiteElo "2179"]
[BlackElo "2234"]
[PlyCount "95"]
[EventDate "2002.10.??"]
[EventType "team"]
[EventRounds "11"]
[EventCountry "CZE"]
[SourceTitle "EXT 2005"]
[Source "ChessBase"]
[SourceDate "2004.11.15"]
[SourceVersion "1"]
[SourceVersionDate "2004.11.15"]
[SourceQuality "1"]

1. e4 d6 2. d4 Nf6 3. Nc3 e5 4. Nge2 Be7 5. f3 c6 6. Be3 b5 7. g4 b4 8. Na4 0-0 9. c4 Nbd7 10. Qd2 Nb6 11. Nxb6 axb6 12. dxe5 dxe5 13. Qxd8 Bxd8 14. c5 b5 15. Nc1 Be6 16. Nd3 Nd7 17. Bd2 Bh4+ 18. Ke2 Bxa2 19. Bxb4 Rfd8 20. Kd2 Be7 21. Kc3 Bc4 22. Ba5 Rdc8 23. b4 Bd8 24. Bh3 Bxa5 25. g5 Bc7 26. Bxd7 Rxa1 27. Rxa1 Rd8 28. Nb2 Rxd7 29. Nxc4 bxc4 30. Ra6 Kf8 31. Rxc6 Ke7 32. Ra6 Bb8 33. b5 Ra7 34. Rxa7+ Bxa7 35. Kxc4 Ke6 36. b6 Bb8 37. c6 Kd6 38. c7 Bxc7 39. bxc7 Kxc7 40. Kd5 Kd7 41. Kxe5 Ke7 42. h4 Kd7 43. h5 Ke7 44. f4 h6 45. gxh6 gxh6 46. Kf5 Ke8 47. Kf6 Kf8 48. f5 1-0

[Event "MOR-chT 0203"]
[Site "Moravia"]
[Date "2002.11.10"]
[Round "2"]
[White "Jaworski, Miroslaw"]
[Black "Molik, Zdenek"]
[Result "1-0"]
[WhiteElo "2342"]
[BlackElo "2176"]
[PlyCount "69"]
[EventDate "2002.10.??"]
[EventType "team"]
[EventRounds "11"]
[EventCountry "CZE"]
[SourceTitle "EXT 2005"]
[Source "ChessBase"]
[SourceDate "2004.11.15"]
[SourceVersion "1"]
[SourceVersionDate "2004.11.15"]
[SourceQuality "1"]

1. d4 c5 2. d5 Nf6 3. c4 b5 4. cxb5 a6 5. b6 Qxb6 6. Nc3 d6 7. Nf3 g6 8. a4 a5 9. e4 Ba6 10. Bb5+ Nbd7 11. 0-0 Bg7 12. Nd2 0-0 13. Nc4 Qd8 14. Qe2 Bb7 15. Bg5 Nb6 16. Rad1 Nxc4 17. Bxc4 Qc8 18. h3 Ba6 19. f4 Bxc4 20. Qxc4 Qb8 21. Nb5 Re8 22. e5 Nd7 23. e6 fxe6 24. dxe6 Nb6 25. Qc2 Qc8 26. f5 gxf5 27. Qxf5 Nc4 28. Qg4 Ne5 29. Qg3 Ng6 30. h4 Kh8 31. h5 Nf8 32. h6 Be5 33. Bf6+ Bxf6 34. Rxf6 Ng6 35. Rxg6 1-0

[Event "Chrudim op"]
[Site "Chrudim"]
[Date "2001.??.??"]
[Round "?"]
[White "Molik, Zdenek"]
[Black "Houska, Bronislav"]
[Result "1-0"]
[WhiteElo "2140"]
[BlackElo "1955"]
[PlyCount "45"]
[EventDate "2001.??.??"]
[EventType "swiss"]
[EventRounds "9"]
[EventCountry "CZE"]
[SourceTitle "EXT 2003"]
[Source "ChessBase"]
[SourceDate "2002.11.25"]
[SourceVersion "1"]
[SourceVersionDate "2002.11.25"]
[SourceQuality "1"]

1. e4 d6 2. d4 Nf6 3. Nc3 g6 4. f3 c6 5. Be3 b5 6. Qd2 Nbd7 7. g4 b4 8. Nd1 c5 9. Ne2 Ba6 10. Ng3 Bxf1 11. Kxf1 h5 12. g5 Nh7 13. c3 bxc3 14. Nxc3 Bg7 15. Rd1 0-0 16. h4 Rb8 17. dxc5 Nxc5 18. b3 Qa5 19. Nd5 Qb5+ 20. Qe2 Qxe2+ 21. Nxe2 Rb7 22. Kg2 Rd8 23. Bxc5 1-0